00641nam a2200217Ia 4500003000400000005001700004008004100021040001800062041000800080082002500088100002300113245004800136250001200184260005300196300002700249650003200276650002900308650003200337650002800369650002600397OSt20250127135654.0210716s1997 xx 000 0 und d cAIMIT LIBRARY aeng a005.7401 21stbMCCC aMccullough, Carol. aOracle7 for dummies /cBy Carol McCullough. a1st ed. aNew Delhi :bComdex computer publishing ,c1997. a358,22 p.;bPBc25 cm. aUsing the personal oracle 7 aPutting oracle 7 to work aTuning up and turbocharging aTen tips to good design aTen Handy sql scripts